000 00361nam a2200145Ia 4500
020 _a9.7893951617e+012
082 _a519.23
_bMED/S
100 _a20260330u\\\\\\\\\\\y0engy0103\\\\ba
100 _aMedhi, J
245 0 _aStochastic Processes
250 _a6th
260 _aNew Delhi
_bNew Age International Publishers
_c2025
300 _a516p.
942 _cBK
999 _c52513
_d52513